| 000 | 005600000a22001930004500 | ||
|---|---|---|---|
| 041 | 0 | _aSPA | |
| 082 | 0 | 4 | _aG 266.38 S9381f |
| 100 | 1 | _aStycos, J. Mayone | |
| 245 | 1 | 0 | _aFecundidad en la América Latina : Perspectivas sociológicas / J. Mayone Stycos |
| 250 | _a2 | ||
| 260 | _aMéxico, D.F., México : Pax-México | ||
| 300 | _a328 Pag | ||
| 500 | _aTítulo original : Human fertility in Latin America | ||
| 001 | 7714 | ||
| 942 | _cBK | ||
| 999 |
_c37919 _d37919 |
||
| 336 |
_atexto _btxt _2rdacontent |
||
| 337 |
_2rdamedia _asin mediación _bn |
||
| 338 |
_2rdacarrier _avolumen _bnc |
||